000 00572cam a2200205I 4500
999 _c1824
_d1824
001 1242840
003 OCoLC
005 20180921111831.0
008 750328s1955 mau 000 0 eng u
010 _a55006127
040 _cORL
_dOCL
_dMCU
_dWaOLN
050 0 _aBV4253
_b.D68
082 _a252
_bD733l
100 1 _aDouglas, Lloyd C.
_q(Lloyd Cassel),
_d1877-1951
245 1 4 _aThe living faith
_c[by] Lloyd C. Douglas from his selected sermons
260 _aBoston,
_bHoughton Mifflin,
_c1955
300 _a344 p.
_c22 cm
650 0 _aSermons, American
942 _2ddc
_cBK